000 00500nam a2200181 a 4500
001 3832
003 CO-ViMGA
008 141112s2004 ck r 000 u spa d
040 _aCO-ViMGA
_bspa
_cCO-ViMGA
082 0 4 _a636.2 C678
100 1 _aCorura, Amilcar E
_953977
245 1 0 _aProducción de ganado bovino para carne
260 _aBuenos Aires :
_bAteneo,
_c1991
300 _a224 p : il
490 _aAgronomía y veterinaria
650 1 4 _aGANADO VACUNO - PRODUCCION
_953978
942 _2ddc
_cBK
999 _c15850
_d15850